[Event "Albacete op 13th"]
[Site "Albacete"]
[Date "2005.09.01"]
[Round "1"]
[White "Vera Gonzalez Quevedo, Reynaldo"]
[Black "Lopez, Eduardo"]
[Result "1-0"]
[WhiteElo "2490"]
[BlackElo "1956"]
[PlyCount "51"]
[EventDate "2005.09.01"]
[EventType "swiss"]
[EventRounds "9"]
[EventCountry "ESP"]
[SourceTitle "CBM 108 Extra"]
[Source "ChessBase"]
[SourceDate "2005.11.04"]
[SourceVersion "1"]
[SourceVersionDate "2005.11.04"]
[SourceQuality "1"]

1. d4 d5 2. c4 e6 3. Nc3 Nf6 4. Nf3 Be7 5. Bf4 0-0 6. e3 b6 7. Rc1 Bb7 8. cxd5 Nxd5 9. Nxd5 Bxd5 10. Bc4 c5 11. dxc5 Bxc4 12. Rxc4 Qxd1+ 13. Kxd1 Bxc5 14. b4 Rd8+ 15. Ke2 Bf8 16. Bxb8 Raxb8 17. Nd4 b5 18. Rc2 Rb6 19. a3 g6 20. Rhc1 Rdd6 21. Rc8 a6 22. Re8 e5 23. Rxe5 Bh6 24. Rc8+ Kg7 25. g4 Kf6 26. Nf3 1-0